Statistiche per Riconosci l'Allenatore dalla Carriera - Italia - Quiz n°5

Clicka qui per fare il quiz!

Statistiche generali

  • Questo quiz è stato fatto 47 volte
  • Il punteggio medio è 8 su 13

Statistiche sulle risposte

CarrieraAllenatore% Corretto
Reggiana 1995-1996, Parma 1996-1998, Juventus 1999-2001, Milan 2001-2009, Chelsea 2009-2011, Paris Saint-Germain 2012-2013, Real Madrid 2013-2015, Bayern Monaco 2016-2017, Napoli 2018-2019, Everton 2019-2021, Real Madrid 2021-Carlo Ancelotti
98%
Salerniatan 2003-2004, Modena 2004-2006, Parma 2006-2007, Grosseto 2007-2008, Sassuolo 2009-2010, Chievo 2010-2011, Palermo 2011, Bologna 2011-2014, Lazio 2014-2016, Inter 2016-2017, Fiorentina 2017-2019, Milan 2019-Stefano Pioli
95%
Ascoli 2004-2005, Cagliari 2006, Cagliari 2007, Siena 2008-2009, Catania 2010-2011, Cesena 2011, Brescia 2013, Cremonese 2014-2015, Empoli 2015-2016, Sampdoria 2016-2019, Milan 2019, Torino 2020-2021, Sampdoria 2022Marco Giampaolo
80%
Inter 2012-2013, Udinese 2014-2015, Panathīnaïkos 2015-2016, Sparta Praga 2017-2018, Esteghlal 2019, Al-Gharafa 2021-2022Andrea Stramaccioni
78%
Virtus Lanciano 2008-2009, Pescara 2010-2011, Lecce 2011, Sassuolo 2012-2014, Sassuolo 2014-2017, Roma 2017-2019, Sampdoria 2019, Cagliari 2020-2021, Hellas Verona 2021Eusebio Di Francesco
71%
Giorgione 1988-1989, Treviso 1989-1990, Fano 1990-1991, Empoli 1991-1992, Ravenna 1992-1993, Atalanta 1993, Vicenza 1994-1998, Udinese 1998-1999, Bologna 1999-2003, Palermo 2004-2005, Genoa 2005, Monaco 2005-2006, Palermo 2006-2008, Parma 2008-2010, Udinese 2010-2014, Swansea City 2016Francesco Guidolin
71%
Italia Under-20 2011-2013, Italia Under-21 2013-2019, Italia 2018, SPAL 2020Luigi Di Biagio
66%
Siracusa 2011-2012, Gubbio 2012-2013, Cuneo 2013-2014, Paganese 2014-2015, Siracusa 2015-2017, Livorno 2017-2018, Catania 2018-2019, Pescara 2020, Ascoli 2020-2022, Udinese 2022-Andrea Sottil
61%
Fusignano 1973-1976, Alfonsine 1976-1977, Bellaria 1977-1978, Rimini 1982-1683, Rimini 1984-1985, Parma 1985-1987, Milan 1987-1991, Italia 1991-1996, Milan 1996-1997, Atletico Madrid 1998-1999, Parma 2001Arrigo Sacchi
61%
Milan 1972-1974, Foggia 1974-1976, Ternana 1976-1977, Parma 1979-1980, Italia Under-21 1986-1996, Italia Olimpica 1992-1996, Italia 1996-1998, Milan 2001, Paraguay 2001-2002Cesare Maldini
54%
Erzgebirge Aue 2017, Schalke 04, Spartak Mosca 2019-2021, Red Bull Lipsia 2021-2022, Belgio 2023-Domenico Tedesco
41%
Monza 1966-1968, Treviso 1968-1969, Monza 1969-1971, Cesena 1971-1973, Fiorentina 1973-1974, Cagliari 1974-1975, Torino 1975-1980, Bologna 1980-1981, Milan 1981-1982, Bari 1983, Inter 1983-1984, Torino 1984-1988, Roma 1989-1990, Bologna 1990-1991, Fiorentina 1991-1993, Cagliari 1993, Genoa 1995-1996, Monza 1997Luigi Radice
17%
Conegliano 1984-1986, Reggina 1986-1987, Cesena 1987-1989, Napoli 1989-1991, Lecce 1991-1992, Lecce 1992, Udinese 1992-1993, Ascoli 1994-1995, Sion 1996-1997, Perugia 1997-1998, Olympiakos 1999-2000, Sion 2007, Sion 2008, Interblock Lubiana 2008Alberto Bigon
10%

Distribuzione punteggi

Percentile per numero di risposta

Percentuale di utenti per punteggio

I tuoi punteggi nel tempo

Non hai fatto questo quiz